Reformas fiscales 2014. Anl̀isis y comentarios para su estudio e implementacin̤

Bibliographic Details
Main Author: Baltazar Mancilla, Manuel
Other Authors: Bornacini Hervella, Honor ̌A, Pliego Stoppelli, Eduardo, Romero Said, Vicente
Format: eBook
Language:Spanish
Published: Mx̌ico DF: Mx̌ico Fiscal, 2013
Subjects:
Online Access:Acceso restringido

MARC

LEADER 00000nam a22000007a 4500
005 20140501213648.0
007 cr|||| ||||
008 140501s2013 mx |||||s|||| 00||0 spa d
035 |a 12087 
040 |a vLex 
090 |c 4880  |d 4880 
100 1 |a Baltazar Mancilla, Manuel 
245 1 0 |a Reformas fiscales 2014. Anl̀isis y comentarios para su estudio e implementacin̤  |h [Recurso electrn̤ico] /  |c Manuel Baltazar Mancilla, Honor ̌A. Bornacini Hervella, Eduardo Pliego Stoppelli, Vicente Romero Said 
256 |a Servicio en ln̕ea 
260 |a Mx̌ico DF:  |b Mx̌ico Fiscal,  |c 2013 
300 |a 1 recurso electrn̤ico 
506 1 |a Disponible solo en los productos indicados  |d vLex Global  |d vLex Global (Academic Edition, excluding Law Schools)  |d vLex Global (U.S. Academic Edition, Law Schools)  |d vLex Global (U.S. Academic Edition, excluding Law Schools)  |d vLex Global (Academic Edition, Law Schools) 
650 0 4 |a Derecho Fiscal  |z Mx̌ico 
700 1 |a Bornacini Hervella, Honor ̌A. 
700 1 |a Pliego Stoppelli, Eduardo 
700 1 |a Romero Said, Vicente 
740 0 |a vLex Libros (Servicio en ln̕ea) 
856 4 0 |u http://vlex.com/source/reformas-fiscales-2014-analisis-y-comentarios-para-su-estudio-e-implementacion-12087  |z Acceso restringido 
942 |c BOOK 
999 0 |a Tax Law